| 000 | 00400nam a22001217a 4500 | ||
|---|---|---|---|
| 008 | 180606b xxu||||| |||| 00| 0 eng d | ||
| 041 | _aeng | ||
| 080 | _a043.3 | ||
| 100 | _a0 | ||
| 101 | _aMBE-MA | ||
| 245 |
_aA Critical Analysis of the Kosova Customs Service Process and Procedure: Internal Customs Clearing; Opportunities for Increased Efficiency and Regional Success _cMuja, P |
||
| 942 |
_2udc _cBK |
||
| 999 |
_c46471 _d46471 |
||